A vitaminkutatás újabb haladása

Elmentve itt :
Bibliográfiai részletek
Szerző: Szent-Györgyi Albert
Dokumentumtípus: Cikk
Megjelent: Franklin Budapest 1936-11
Sorozat:Búvár 2 No. 11
Kulcsszavak:Vitaminkutatás, Vitamin
Online Access:http://misc.bibl.u-szeged.hu/73750
LEADER 00653nab a2200181 i 4500
001 misc73750
005 20241018154720.0
008 240130s1936 hu o 000 hun d
040 |a SZTE Miscellanea Repozitórium  |b hun 
041 |a hun 
100 2 |a Szent-Györgyi Albert 
245 1 2 |a A vitaminkutatás újabb haladása  |h [elektronikus dokumentum] /  |c  Szent-Györgyi Albert 
260 |a Franklin  |b Budapest  |c 1936-11 
300 |a 727-728 
490 0 |a Búvár  |v 2 No. 11 
561 |a Szent-Györgyi Albert tudományos és egyéb írásai 
695 |a Vitaminkutatás, Vitamin 
856 4 0 |u http://misc.bibl.u-szeged.hu/73750/1/szgya_magyar_103.pdf  |z Dokumentum-elérés